<?xml version="1.0" encoding="UTF-8"?><?xml-stylesheet type="text/xsl" href="static/style.xsl"?><OAI-PMH xmlns="http://www.openarchives.org/OAI/2.0/" xmlns:xsi="http://www.w3.org/2001/XMLSchema-instance" xsi:schemaLocation="http://www.openarchives.org/OAI/2.0/ http://www.openarchives.org/OAI/2.0/OAI-PMH.xsd"><responseDate>2026-06-02T07:04:07Z</responseDate><request verb="GetRecord" identifier="oai:riuma.uma.es:10630/38729" metadataPrefix="marc">https://riuma.uma.es/rest/oai/request</request><GetRecord><record><header><identifier>oai:riuma.uma.es:10630/38729</identifier><datestamp>2026-02-03T11:10:59Z</datestamp><setSpec>com_10630_2254</setSpec><setSpec>col_10630_37953</setSpec></header><metadata><record xmlns="http://www.loc.gov/MARC21/slim" xmlns:dcterms="http://purl.org/dc/terms/" xmlns:doc="http://www.lyncode.com/xoai" xmlns:xsi="http://www.w3.org/2001/XMLSchema-instance" xsi:schemaLocation="http://www.loc.gov/MARC21/slim http://www.loc.gov/standards/marcxml/schema/MARC21slim.xsd">
   <leader>00925njm 22002777a 4500</leader>
   <datafield ind2=" " ind1=" " tag="042">
      <subfield code="a">dc</subfield>
   </datafield>
   <datafield ind2=" " ind1=" " tag="720">
      <subfield code="a">Nieto-Jiménez, José Carlos</subfield>
      <subfield code="e">author</subfield>
   </datafield>
   <datafield ind2=" " ind1=" " tag="260">
      <subfield code="c">2025-02</subfield>
   </datafield>
   <datafield ind2=" " ind1=" " tag="520">
      <subfield code="a">En las sesiones constitutivas del Congreso de los Diputados y del Senado de las últimas legislaturas, el requisito de la promesa o juramento de acatamiento de la Constitución por parte de los parlamentarios electos para adquirir su plena condición se ha visto rodeado de una inusitada expectación política y mediática. Más allá de este interés, el empleo de fórmulas extravagantes, diferentes del “sí, juro” o “sí, prometo”; y su aceptación por parte de la Presidencia de la Cámara respectiva, han sido objeto de diferentes recursos de amparo cuya resolución ha alumbrado nuevas reflexiones constitucionales de interés.</subfield>
   </datafield>
   <datafield ind1="8" ind2=" " tag="024">
      <subfield code="a">“El juramento o promesa de acatamiento de la Constitución: nuevos enfoques para un clásico requisito”, Escrutinio, Boletín de novedades electorales y de participación, núm. 4, pág. 37. https://www.ucm.es/idp/escrutinio-a-interes-i-4. ISSN: 3020-2647.</subfield>
   </datafield>
   <datafield ind1="8" ind2=" " tag="024">
      <subfield code="a">3020-2647</subfield>
   </datafield>
   <datafield ind1="8" ind2=" " tag="024">
      <subfield code="a">https://hdl.handle.net/10630/38729</subfield>
   </datafield>
   <datafield tag="653" ind2=" " ind1=" ">
      <subfield code="a">Derecho parlamentario - España</subfield>
   </datafield>
   <datafield ind2="0" ind1="0" tag="245">
      <subfield code="a">El juramento o promesa de acatamiento de la Constitución: nuevos enfoques para un clásico requisito</subfield>
   </datafield>
</record>
</metadata></record></GetRecord></OAI-PMH>